Open educational resources development and its infancy in Slovak elearning

Stručný prehľad a história otvoreného vzdelávania (open education) a zdrojov otvoreného vzdelávania (open education resources, OER) za posledných 15 rokov; základný prehľad licencií Creative Commons (CC). Rozvoj a bariéry OER vo svete, v Európe a na Slovensku. Prípadová štúdia využívania OER na Univ...

Ausführliche Beschreibung

Gespeichert in:
Bibliographische Detailangaben
1. Verfasser: Pišútová, Katarína
Weitere Verfasser: Kovačević, Dubravka
Format: Buchkapitel
Sprache:Englisch
Schlagworte:
Tags: Tag hinzufügen
Keine Tags, Fügen Sie das erste Tag hinzu!

MARC

LEADER 00000nla a2200000 4500
001 0238473
005 20240502083638.0
041 0 |a eng 
044 |a US 
245 1 0 |a Open educational resources development and its infancy in Slovak elearning  |c K. Pisutova, D. Kovacevic 
520 |a Stručný prehľad a história otvoreného vzdelávania (open education) a zdrojov otvoreného vzdelávania (open education resources, OER) za posledných 15 rokov; základný prehľad licencií Creative Commons (CC). Rozvoj a bariéry OER vo svete, v Európe a na Slovensku. Prípadová štúdia využívania OER na Univerzite Komenského v Bratislave. 
610 2 0 |a vzdelávanie 
610 2 0 |a vzdelávanie elektronické 
610 2 0 |a školstvo 
610 2 0 |a univerzity 
610 2 0 |a štúdie prípadové 
610 2 0 |a Európska únia 
610 2 0 |a Slovensko 
610 2 0 |a právo autorské 
610 2 0 |a licencie 
100 1 |a Pišútová, Katarína 
700 1 |a Kovačević, Dubravka